Hosagannada Sahitya Charitre (Record no. 231915)
[ view plain ]
| 000 -LEADER | |
|---|---|
| fixed length control field | 03044nam a22002417a 4500 |
| 005 - DATE AND TIME OF LATEST TRANSACTION | |
| control field | 20241115114700.0 |
| 008 - FIXED-LENGTH DATA ELEMENTS--GENERAL INFORMATION | |
| fixed length control field | 241114b ||||| |||| 00| 0 eng d |
| 040 ## - CATALOGING SOURCE | |
| Transcribing agency | AL |
| 041 ## - LANGUAGE CODE | |
| Language code of text/sound track or separate title | kan |
| 082 ## - DEWEY DECIMAL CLASSIFICATION NUMBER | |
| Edition number | 23 |
| Classification number | K894.9 |
| Item number | SHEH |
| 100 ## - MAIN ENTRY--PERSONAL NAME | |
| Personal name | L S Sheshagiri Rao |
| 100 ## - MAIN ENTRY--PERSONAL NAME | |
| 9 (RLIN) | 185528 |
| 100 ## - MAIN ENTRY--PERSONAL NAME | |
| 9 (RLIN) | 185327 |
| Dates associated with a name | ಎಲ್ ಎಸ್ ಶೇಷಗಿರಿ ರಾವ್ |
| 245 ## - TITLE STATEMENT | |
| Title | Hosagannada Sahitya Charitre |
| Remainder of title | ಹೊಸಗನ್ನಡ ಸಾಹಿತ್ಯ ಚರಿತ್ರೆ |
| 260 ## - PUBLICATION, DISTRIBUTION, ETC. | |
| Place of publication, distribution, etc. | Bengaluru |
| Name of publisher, distributor, etc. | Ankita Pustaka |
| Date of publication, distribution, etc. | 2024 |
| 300 ## - PHYSICAL DESCRIPTION | |
| Extent | 350p. |
| Other physical details | PB |
| Dimensions | 21x14cm. |
| 365 ## - TRADE PRICE | |
| Source of price type code | Kannada |
| Price type code | BLCR-045 |
| Price amount | 236.00 |
| Currency code | ₹ |
| Unit of pricing | 295.00 |
| Price note | 20% |
| Price effective from | 11-11-2024 |
| 520 ## - SUMMARY, ETC. | |
| Summary, etc. | ಆಧುನಿಕ ಕನ್ನಡ ಸಾಹಿತ್ಯದ ಇತಿಹಾಸವನ್ನು ತಿಳಿಯಬೇಕೆನ್ನುವವರಿಗೆ ಎಲ್.ಎಸ್. ಶೇಷಗಿರಿರಾಯರ 'ಹೊಸಗನ್ನಡ ಸಾಹಿತ್ಯ ಚರಿತ್ರೆ' ಒಂದು ಉಪಯುಕ್ತ ಆಕರ ಗ್ರಂಥ.<br/>ಈ ಶತಮಾನದಲ್ಲಿ, ಕನ್ನಡ ಸಾಹಿತ್ಯ ವೈವಿಧ್ಯಮಯವಾಗಿ, ಸಮೃದ್ಧವಾಗಿ ಬೆಳೆದಿದೆ. ಕನ್ನಡ ಸಾಹಿತ್ಯದ ಚರಿತ್ರೆಯಲ್ಲಿ ಯಾವ ಒಂದು ಶತಮಾನದಲ್ಲೂ, ಈ ಬಗೆಯ ವೈವಿಧ್ಯಮಯ ಸೃಷ್ಟಿಯನ್ನು, ಇಷ್ಟೊಂದು ಎತ್ತರದ ಪ್ರತಿಭೆಗಳನ್ನು ಕಾಣುವುದಿಲ್ಲ. ಅಷ್ಟೊಂದು ವಿಸ್ತಾರ, ವೈವಿಧ್ಯ, ಆಧುನಿಕ ಕನ್ನಡ ಸಾಹಿತ್ಯದ್ದು. ಇದನ್ನು ಸಮಗ್ರವಾಗಿ ಹಿಡಿದಿಡುವುದು ಅಸಾಮಾನ್ಯ ಸಾಹಸದ ಕೆಲಸವೇ ಸರಿ. ಶೇಷಗಿರಿರಾಯರು ಈ ಸವಾಲನ್ನು ಒಪ್ಪಿಕೊಂಡು, ಹೊಸಗನ್ನಡ ಸಾಹಿತ್ಯದ ಇತಿಹಾಸವನ್ನು ಅದರ ಚಾರಿತ್ರಿಕ, ಸಾಂಸ್ಕೃತಿಕ ಹಿನ್ನೆಲೆಯೊಂದಿಗೆ ಸಮರ್ಥವಾಗಿ ದಾಖಲಿಸಿದ್ದಾರೆ. ಅವರ ವಿಸ್ತಾರವಾದ ಅಧ್ಯಯನ, ವಿಶ್ಲೇಷಣಾತ್ಮಕ ಒಳನೋಟ, ಪರಿಪಕ್ವ ಮನಸ್ಸಿನ ಪ್ರಸನ್ನತೆ-ಪರಿಚಯಾತ್ಮಕ ರೂಪದ ಈ ಬರವಣಿಗೆಗೆ ಪ್ರಬುದ್ಧತೆಯನ್ನು ತಂದುಕೊಟ್ಟಿದೆ. ಈ ಕೃತಿಯ ರಚನೆಯ ಮೂಲಕ ಶೇಷಗಿರಿರಾಯರು ಸಾಹಿತ್ಯಾಭಿಮಾನಿಗಳೆಲ್ಲರ ಕೃತಜ್ಞತೆಗೆ ಪಾತ್ರರಾಗಿದ್ದಾರೆ. |
| 650 ## - SUBJECT ADDED ENTRY--TOPICAL TERM | |
| Topical term or geographic name entry element | Kannada Criticism: ಕನ್ನಡ ವಿಮರ್ಶೆ |
| 9 (RLIN) | 185322 |
| 650 ## - SUBJECT ADDED ENTRY--TOPICAL TERM | |
| Topical term or geographic name entry element | Kannada Literature: ಕನ್ನಡ ಸಾಹಿತ್ಯ |
| 9 (RLIN) | 185323 |
| 650 ## - SUBJECT ADDED ENTRY--TOPICAL TERM | |
| Topical term or geographic name entry element | Sheshagiri Rao L S |
| 9 (RLIN) | 185328 |
| 700 ## - ADDED ENTRY--PERSONAL NAME | |
| Personal name | SHESHAGIRI RAV (L S): ಶೇಷಗಿರಿ ರಾವ್ (ಎಲ್ ಎಸ್ ) |
| 9 (RLIN) | 185324 |
| 942 ## - ADDED ENTRY ELEMENTS (KOHA) | |
| Source of classification or shelving scheme | Dewey Decimal Classification |
| Koha item type | Book |
| Withdrawn status | Lost status | Source of classification or shelving scheme | Damaged status | Not for loan | Collection code | Home library | Current library | Date acquired | Source of acquisition | Cost, normal purchase price | Total Checkouts | Full call number | Barcode | Date last seen | Date last checked out | Cost, replacement price | Price effective from | Koha item type |
|---|---|---|---|---|---|---|---|---|---|---|---|---|---|---|---|---|---|---|
| Dewey Decimal Classification | Kannada | St Aloysius Library | St Aloysius Library | 11/13/2024 | Navakarnataka Publications Pvt Ltd | 236.00 | 1 | K894.9 SHEH | 077364 | 03/21/2026 | 02/19/2026 | 295.00 | 11/14/2024 | Book |